<?xml version="1.0" encoding="UTF-8"?>
<record
    xmlns:xsi="http://www.w3.org/2001/XMLSchema-instance"
    xsi:schemaLocation="http://www.loc.gov/MARC21/slim http://www.loc.gov/standards/marcxml/schema/MARC21slim.xsd"
    xmlns="http://www.loc.gov/MARC21/slim">

  <leader>02599nam a2200277uu 4500</leader>
  <controlfield tag="001">1552882</controlfield>
  <controlfield tag="005">20240129082354.0</controlfield>
  <controlfield tag="007">cr|||||||</controlfield>
  <controlfield tag="008">201121s2019                        spa  </controlfield>
  <datafield tag="035" ind1=" " ind2=" ">
    <subfield code="a">1552882</subfield>
  </datafield>
  <datafield tag="040" ind1=" " ind2=" ">
    <subfield code="c">comduadb</subfield>
  </datafield>
  <datafield tag="041" ind1=" " ind2=" ">
    <subfield code="a">spa</subfield>
  </datafield>
  <datafield tag="100" ind1="1" ind2="0">
    <subfield code="a">Casta&#xF1;o Casta&#xF1;eda, Daniel Alejandro</subfield>
    <subfield code="4">aut</subfield>
    <subfield code="e">aut</subfield>
    <subfield code="9">809678</subfield>
  </datafield>
  <datafield tag="245" ind1="1" ind2="0">
    <subfield code="a">Comportamiento en las conexiones y apareamientos, de perfiles met&#xE1;licos estructurales</subfield>
  </datafield>
  <datafield tag="260" ind1=" " ind2=" ">
    <subfield code="a">Medell&#xED;n :</subfield>
    <subfield code="b">Autor(a),</subfield>
    <subfield code="c">2019.</subfield>
  </datafield>
  <datafield tag="300" ind1=" " ind2=" ">
    <subfield code="a">Archivo en Repositorio Institucional</subfield>
  </datafield>
  <datafield tag="520" ind1="3" ind2=" ">
    <subfield code="a">RESUMEN : Con el fin de dar a conocer las labores que como practicante de ingenier&#xED;a se realizan en la empresa Cyrgo SAS, se redactaron dos manuales de uso de software utilizado all&#xED;, y un manual de labores realizadas durante las pr&#xE1;cticas acad&#xE9;micas. Debido a que la labor de ingenier&#xED;a de la empresa est&#xE1; relacionada con el pre-dise&#xF1;o de estructuras met&#xE1;licas, se pretendi&#xF3; desarrollar algunos temas relacionados con las mismas. En relaci&#xF3;n con lo anterior, en este trabajo se da a conocer aspectos b&#xE1;sicos de conexiones, y metodolog&#xED;as t&#xED;picas y seguras que se utilizan en el medio de las estructuras en acero, en donde se encontr&#xF3; que las conexiones se clasifican b&#xE1;sicamente de acuerdo a la capacidad de rotaci&#xF3;n de la viga, en donde, la conexi&#xF3;n es simple si permite rotaci&#xF3;n, r&#xED;gida si no permite rotaci&#xF3;n, y semi r&#xED;gida si la rotaci&#xF3;n est&#xE1; ubicada entre los grados de rotaci&#xF3;n de las dos clasificaciones anteriores. La fabricaci&#xF3;n de conexiones se da mediante soldadura o pernos, en donde con el uso de placas, rigidizadores o &#xE1;ngulos, estas se adaptan a las condiciones que se le deseen dar seg&#xFA;n el dise&#xF1;o. Por &#xFA;ltimo, se quiso analizar la viabilidad de uso de perfiles apareados, en diferentes modelos estructurales que generan cargas muy grandes y para las cuales los perfiles estructurales simples existentes en el mercado local no presentan las propiedades adecuadas. De este an&#xE1;lisis se encontr&#xF3; que con la gama de los perfiles Wf existentes siempre se puede garantizar un reemplazo, en donde muchas veces la homologaci&#xF3;n representa econom&#xED;a, pero se encuentra una desventaja de p&#xE9;rdida de &#xE1;rea, donde para el caso analizado fue de 0,02356 m2.</subfield>
  </datafield>
  <datafield tag="650" ind1=" " ind2="7">
    <subfield code="a">Dise&#xF1;o de estructuras</subfield>
    <subfield code="2">lemb</subfield>
    <subfield code="9">2433</subfield>
  </datafield>
  <datafield tag="650" ind1=" " ind2=" ">
    <subfield code="a">Estructuras met&#xE1;licas</subfield>
    <subfield code="9">21493</subfield>
  </datafield>
  <datafield tag="700" ind1="1" ind2="0">
    <subfield code="a">Obando Fuertes , Juan Carlos</subfield>
    <subfield code="4">ths</subfield>
    <subfield code="e">ths</subfield>
    <subfield code="9">780655</subfield>
  </datafield>
  <datafield tag="700" ind1="1" ind2="0">
    <subfield code="a">Mart&#xED;nez Roldan, Juan Carlos</subfield>
    <subfield code="4">ths</subfield>
    <subfield code="e">ths</subfield>
    <subfield code="9">822472</subfield>
  </datafield>
  <datafield tag="856" ind1="4" ind2=" ">
    <subfield code="u">http://bibliotecadigital.udea.edu.co/handle/10495/15241</subfield>
  </datafield>
  <datafield tag="942" ind1=" " ind2=" ">
    <subfield code="c">TESIS</subfield>
    <subfield code="n">0</subfield>
  </datafield>
  <datafield tag="999" ind1=" " ind2=" ">
    <subfield code="c">820647</subfield>
    <subfield code="d">820647</subfield>
  </datafield>
  <datafield tag="502" ind1=" " ind2=" ">
    <subfield code="b">170</subfield>
    <subfield code="c">17</subfield>
  </datafield>
  <datafield tag="526" ind1=" " ind2=" ">
    <subfield code="a">172</subfield>
  </datafield>
</record>
